| 000 | 00581nam a2200181Ia 4500 | ||
|---|---|---|---|
| 003 | GCL | ||
| 008 | 140319s9999 xx 000 0 ara d | ||
| 040 |
_aGCL / _cGCL |
||
| 082 | 0 | 4 |
_a811.009 _bا س |
| 100 | 1 | _aادونيس | |
| 245 | 1 | 0 |
_aسياسة الشعر : دراسات فى الشعرية العربية المعاصرة / _cادونيس |
| 300 | _a184 ص | ||
| 490 | _a | ||
| 650 | 0 | 4 | _aالشعر العربى - تاريخ ونقد |
| 650 | 0 | 4 | _aالشعر العربى - العصر الحديث |
| 650 | 0 | 4 | _aالشعر العربى - نظريات |
| 942 |
_2ddc _cBK |
||
| 999 |
_c42359 _d42359 |
||